000
00298nam a22001337a 4500
008
170712b xxu||||| |||| 00| 0 eng d
020
_a
9780312209230
041
_a
eng
080
_2
2ND
_a
038
100
_a
23
101
_a
FJA
245
_a
A DICTIONARY OF PHILOSOPHY
_c
FLEW, A
942
_2
udc
_c
BK
999
_c
20277
_d
20277